| 000 | 00748nam a22002297a 4500 | ||
|---|---|---|---|
| 003 | CBULib | ||
| 005 | 20230915080733.0 | ||
| 008 | 230915b |||||||| |||| 00| 0 eng d | ||
| 020 | _a9781909116825 | ||
| 040 |
_bEnglish _cCBULib _erda |
||
| 041 | _aeng | ||
| 050 | _aHD 66 Joh | ||
| 100 |
_9771 _aJohnson,Tim |
||
| 245 |
_aThe authority guide to meaningful success: how to combine purpose, passion and promise to create profit for your business _c/ by Tim Johnson |
||
| 260 |
_aUnited Kingdom: _bAuthority Guides, _c2017 |
||
| 300 | _avi,86 pages:illustrations | ||
| 336 |
_2rdacontent _aText | _btxt |
||
| 337 |
_2rdamedia _aUnmediated | _bn |
||
| 338 |
_2rdacarrier _aVolume _bnc |
||
| 650 | 0 |
_2OCLC _9772 _aPERSONAL COACHING |
|
| 942 |
_2lcc _c002 |
||
| 999 |
_c82129 _d82129 |
||